Úloha vedy pri realizácii úrodotvorného potenciálu rastlín a ekonomiky poľnohospodárstva

Bibliographic Details
Main Author: Kráľovič, Ján, 1930-2008 (Author)
Format: Article
Language:Slovak
PhysicalDescription:Tab. 5
ISBN:8023102699
Subjects:

MARC

LEADER 00000nab a2200000 a 4500
001 vtls000499882
003 SK-MaSNL
005 20260303020243.0
008 120927c1992 xo 0 slo
015 |a SNBRA19rr/mm-uuuuu 
035 |a CL0500020 
040 |a SNKBUCL  |b slo  |c SNKBUCL  |e AACR2 
041 0 |a slo 
044 |a xo  |c SK 
080 |a 633:631.524.84:631.95  |2 1981 
080 |a 631.524.84  |2 1981 
080 |a 631.95  |2 1981 
080 |a 631.15:65.011.4  |2 1981 
100 1 |a Kráľovič, Ján,  |d 1930-2008  |4 aut  |9 37738 
245 1 0 |a Úloha vedy pri realizácii úrodotvorného potenciálu rastlín a ekonomiky poľnohospodárstva  |c Ján Kráľovič 
300 |b Tab. 5 
650 0 7 |a plodiny poľnohospodárske  |2 snkbucl  |9 618335 
655 7 |a články zo zborníkov  |2 snkbucl  |9 166140 
773 0 |t Zásadné otázky rozvoja vedy a techniky na Slovensku. 2. diel  |d Žilina : Dom techniky ZSVTS, 1992  |g S. 146-154  |z 8023102699 
850 |a Slovenská národná knižnica v Martine  |a MTA001 
852 |a SNK  |b KIS3GCP 
958 |a RK 
992 |a RZB 
999 |c 1617320  |d 1619250